| 000 | 00780nam a22002175i 4500 | ||
|---|---|---|---|
| 001 | 162335 | ||
| 003 | ES-MaACL | ||
| 005 | 20250714080904.0 | ||
| 008 | 041105s1870 fr |||| | fre d | ||
| 040 |
_aCAM _bspa _cCAM |
||
| 100 | 1 |
_aPoe, Edgar Allan, _d1809-1849 _9188384 |
|
| 245 | 1 | 0 |
_aHistoires extraordinaires / _cpor Edgar Poe ; traduction de Charles Baudelaire. |
| 250 | _aNouvelle éd. | ||
| 260 |
_aParis : _bMichel Lévy Frères, _c1870 ( _eClichy : _fImpr. M. Loignon, Paul Dupont et Cie) |
||
| 300 |
_a330 p. ; _c19 cm. |
||
| 490 | 1 | _aCollection Michel Lévy | |
| 700 | 1 |
_aBaudelaire, Charles. _926513 |
|
| 830 | 0 | 0 |
_aCollection Michel Lévy _9182425 |
| 852 |
_aES-MaACL _jC-2707 _z-- Enc. hol. _z-- Legado M. de La Fuente |
||
| 999 |
_c162335 _d162335 |
||